Statistics for Bordering US States that Form Words

Click here to take the quiz!

General Stats

  • This quiz has been taken 754 times
  • The average score is 16 of 16

Answer Stats

HintAnswer% Correct
Alabama
99%
Georgia
99%
Kansas
99%
Kansas
99%
TAGTennessee
99%
Ohio
98%
WINKWisconsin
98%
Arizona
97%
CANUCKCalifornia
97%
Iowa
97%
Nevada/New Mexico
97%
Utah
97%
Colorado
96%
Nebraska
96%
POWPennsylvania
96%
West Virginia
96%

Score Distribution

Percentile by Number Answered

Percent of People with Each Score

Your Score History

You have not taken this quiz